00586nam a2200169Ia 4500008004100000041000800041082001700049100001700066245005800083260002200141300000800163365001600171700001700187906002900204999001900233952016400252230718s9999 xx 000 0 und d aeng a620.071bNAT aNatarajan R. aTechnical Education Current Status & Future Direction c2005bICFAI Books a229 cRs.b550.00 aNatarajan R. d12/4/06/IPRESS/2006 cIT c313543d313543 00104073aCCEPbCCEPd2006-04-28eICFAI BranchfITg550.00i12/4/06/IPRESS/2006 o620.071pCCEP-BK-24750r2023-07-18 00:00:00v550.00w2006-04-12yBKz024750